| 000 | 00445nam a2200205Ia 4500 | ||
|---|---|---|---|
| 001 | 14342 | ||
| 003 | GE_BSU | ||
| 008 | 181216s||||||||xx |||||||||||||| ||und|| | ||
| 020 | _a0330420844 | ||
| 040 | _cGE_BSU | ||
| 080 | _a82-93 | ||
| 100 | _aPotter,Ellen | ||
| 245 | _aStops for no one | ||
| 260 | _aLondon | ||
| 260 | _bMacmillan Children's books | ||
| 260 | _c2005 | ||
| 300 | _a231p.22cm. | ||
| 653 | _aStops for no one | ||
| 942 | _cBK | ||
| 999 |
_c47478 _d47478 |
||